[Event "24th Klatovy A 2016"]
[Site "Klatovy CZE"]
[Date "2016.07.05"]
[Round "4.24"]
[White "Slovak, Kilian"]
[Black "Drahorad, Daniel"]
[Result "1-0"]
[WhiteElo "2108"]
[BlackElo "1970"]
[PlyCount "109"]
[EventDate "2016.07.02"]
[EventType "swiss"]
[EventRounds "9"]
[EventCountry "CZE"]

1. e4 e6 2. d4 d5 3. Nc3 Bb4 4. e5 c5 5. a3 Bxc3+ 6. bxc3 Qa5 7. Qd2 Nc6 8. Nf3 Nge7 9. a4 Bd7 10. Bd3 cxd4 11. cxd4 Qxd2+ 12. Bxd2 O-O 13. Bc3 f6 14. exf6 gxf6 15. Kd2 Rac8 16. Rhe1 Rc7 17. a5 Nc8 18. Bb2 Nb4 19. Ba3 Nxd3 20. Kxd3 Re8 21. c3 Bb5+ 22. Kd2 Kf7 23. g4 h6 24. h4 Ne7 25. Bxe7 Kxe7 26. g5 hxg5 27. hxg5 Rg8 28. gxf6+ Kxf6 29. Rg1 Rcg7 30. Rxg7 Rxg7 31. Ne5 Kf5 32. Rh1 Ba6 33. Rh8 Bb5 34. Rf8+ Kg5 35. f4+ Kh4 36. Rh8+ Kg3 37. Ke3 Kg2 38. Nf3 Bf1 39. Rh5 Kg3 40. Rg5+ Rxg5 41. fxg5 Bh3 42. Ne5 Bf5 43. g6 Kh4 44. g7 Bh7 45. Ng6+ Kg5 46. Ne7 Kf6 47. g8=Q Bxg8 48. Nxg8+ Kf7 49. Nh6+ Ke7 50. Kf4 Kd7 51. Ke5 Kc6 52. Kxe6 Kb5 53. Kxd5 Kxa5 54. Ke6 Kb6 55. d5 1-0

[Event "24th Klatovy A 2016"]
[Site "Klatovy CZE"]
[Date "2016.07.05"]
[Round "4.25"]
[White "Oz, Ozan"]
[Black "Bottema, Timo"]
[Result "1-0"]
[WhiteElo "1863"]
[BlackElo "2065"]
[PlyCount "73"]
[EventDate "2016.07.02"]
[EventType "swiss"]
[EventRounds "9"]
[EventCountry "CZE"]

1. e4 c5 2. Nf3 e6 3. d4 cxd4 4. Nxd4 Nc6 5. Nb5 a6 6. Nd6+ Bxd6 7. Qxd6 Nge7 8. Bd3 O-O 9. Nc3 b5 10. O-O Bb7 11. a3 Nc8 12. Qg3 N6e7 13. e5 Ng6 14. Bg5 Qc7 15. Rfe1 f6 16. Bxf6 Nce7 17. Bxe7 Nxe7 18. Bxh7+ Kxh7 19. Qh4+ Kg8 20. Qxe7 Qc6 21. Qg5 Rf5 22. Qg3 Raf8 23. Re2 Rf4 24. Rd1 Qc4 25. b3 Qc6 26. Rd3 a5 27. Rd6 Qc8 28. Nxb5 Ba6 29. a4 Kh8 30. Red2 Re4 31. h3 Rf7 32. c4 Bb7 33. R6d4 Qc6 34. Nd6 Rff4 35. Nxe4 Rxe4 36. Rxd7 Rxe5 37. Qxg7# 1-0

[Event "24th Klatovy A 2016"]
[Site "Klatovy CZE"]
[Date "2016.07.05"]
[Round "4.26"]
[White "Gschwendtner, Stanislav"]
[Black "Molkanov, Oleg 2001"]
[Result "1/2-1/2"]
[WhiteElo "2058"]
[BlackElo "1860"]
[PlyCount "60"]
[EventDate "2016.07.02"]
[EventType "swiss"]
[EventRounds "9"]
[EventCountry "CZE"]

1. c4 Nf6 2. Nc3 d5 3. cxd5 Nxd5 4. g3 c5 5. Bg2 Nc7 6. d3 e5 7. Nf3 Nc6 8. O-O Be7 9. Nd2 Be6 10. Nc4 Qd7 11. Bxc6 Qxc6 12. Nxe5 Qa6 13. Qa4+ Qxa4 14. Nxa4 Bf6 15. f4 b6 16. Nc3 Bf5 17. g4 Bc8 18. Ne4 Bxe5 19. fxe5 O-O 20. h3 h5 21. Nd6 hxg4 22. Nxc8 Rfxc8 23. hxg4 Re8 24. Bf4 Ne6 25. e3 Rad8 26. Rad1 Nxf4 27. exf4 Rd4 28. g5 Red8 29. g6 Rxd3 30. Rxd3 Rxd3 1/2-1/2

[Event "24th Klatovy A 2016"]
[Site "Klatovy CZE"]
[Date "2016.07.05"]
[Round "4.27"]
[White "Kunc, Jan"]
[Black "Pick, Stepan"]
[Result "0-1"]
[WhiteElo "1798"]
[BlackElo "2058"]
[PlyCount "60"]
[EventDate "2016.07.02"]
[EventType "swiss"]
[EventRounds "9"]
[EventCountry "CZE"]

1. e4 e6 2. d4 d5 3. Nc3 Bb4 4. e5 c5 5. a3 Bxc3+ 6. bxc3 Qc7 7. Nf3 h6 8. Be2 b6 9. O-O Ba6 10. Bxa6 Nxa6 11. Re1 Ne7 12. h4 Rc8 13. Ra2 Nb8 14. h5 Nbc6 15. Qd2 cxd4 16. cxd4 Na5 17. Re2 O-O 18. a4 Nc4 19. Qf4 Qd7 20. g4 f6 21. Qg3 fxe5 22. Nxe5 Nxe5 23. Qxe5 Nc6 24. Qe3 e5 25. dxe5 Qxg4+ 26. Kf1 Rf3 27. Qd2 Nd4 28. Re3 Qh3+ 29. Kg1 Rxe3 30. Qxe3 Nf3+ 0-1

[Event "24th Klatovy A 2016"]
[Site "Klatovy CZE"]
[Date "2016.07.05"]
[Round "4.28"]
[White "Simunek, Filip"]
[Black "Novotny, Jaroslav2"]
[Result "1-0"]
[WhiteElo "2143"]
[BlackElo "1953"]
[PlyCount "55"]
[EventDate "2016.07.02"]
[EventType "swiss"]
[EventRounds "9"]
[EventCountry "CZE"]

1. d4 Nf6 2. c4 e6 3. Nf3 d5 4. g3 Be7 5. Bg2 O-O 6. Nc3 c6 7. O-O Nbd7 8. cxd5 exd5 9. Qd3 Re8 10. Bf4 Nf8 11. Ne5 Ng6 12. Nxg6 hxg6 13. f3 Nh5 14. Bd2 Bg5 15. Rad1 Bxd2 16. Rxd2 Be6 17. e4 Qd7 18. e5 g5 19. Qe3 Qe7 20. Ne2 g6 21. g4 Ng7 22. h3 Rac8 23. f4 gxf4 24. Nxf4 Bd7 25. Rdf2 g5 26. Nd3 Rf8 27. Rf6 b6 28. Qxg5 1-0

[Event "24th Klatovy A 2016"]
[Site "Klatovy CZE"]
[Date "2016.07.05"]
[Round "4.29"]
[White "Kovar, Petr"]
[Black "Mueller, Michael3"]
[Result "1/2-1/2"]
[WhiteElo "1915"]
[BlackElo "2102"]
[PlyCount "66"]
[EventDate "2016.07.02"]
[EventType "swiss"]
[EventRounds "9"]
[EventCountry "CZE"]

1. c4 e5 2. Nc3 Nf6 3. g3 c6 4. Bg2 Be7 5. d4 d6 6. e3 Nbd7 7. Nge2 O-O 8. b3 Re8 9. Bb2 Bf8 10. Qd2 exd4 11. Qxd4 Nc5 12. O-O Bf5 13. Rad1 Qe7 14. Nc1 Rad8 15. Rfe1 a5 16. Rd2 Ne6 17. Qb6 Ra8 18. e4 Nc5 19. Rde2 Bg4 20. f3 Ra6 21. Qxa6 Nxa6 22. fxg4 Nxg4 23. Nd3 Nb4 24. Nxb4 axb4 25. Nd1 g6 26. Nf2 Ne5 27. Rd1 h5 28. Nd3 Nxd3 29. Rxd3 Qg5 30. h4 Qg4 31. Rf2 Bg7 32. Bxg7 Kxg7 33. Kh2 Qe6 1/2-1/2

[Event "24th Klatovy A 2016"]
[Site "Klatovy CZE"]
[Date "2016.07.05"]
[Round "4.30"]
[White "Dungl, Petr"]
[Black "Psaila, Clarence"]
[Result "1/2-1/2"]
[WhiteElo "1902"]
[BlackElo "2080"]
[PlyCount "62"]
[EventDate "2016.07.02"]
[EventType "swiss"]
[EventRounds "9"]
[EventCountry "CZE"]

1. d4 e6 2. Nf3 f5 3. c4 Nf6 4. Nc3 Bb4 5. Qb3 a5 6. g3 b6 7. Bg2 Bb7 8. O-O O-O 9. Bg5 h6 10. Bxf6 Qxf6 11. Rad1 Bxc3 12. Qxc3 d6 13. Nh4 Bxg2 14. Nxg2 Nd7 15. Rfe1 g5 16. f4 Rf7 17. Qf3 Re8 18. e3 Qd8 19. e4 Rg7 20. e5 g4 21. Qc3 Qa8 22. a3 d5 23. b3 c6 24. cxd5 cxd5 25. Rc1 Nb8 26. Rc2 Qb7 27. Rec1 Ree7 28. Kf2 Na6 29. Qc6 Qxc6 30. Rxc6 Rc7 31. Ke3 Rgd7 1/2-1/2

[Event "24th Klatovy A 2016"]
[Site "Klatovy CZE"]
[Date "2016.07.05"]
[Round "4.31"]
[White "Cekan, Petr1"]
[Black "Stinka, Jakub"]
[Result "1/2-1/2"]
[WhiteElo "1993"]
[BlackElo "1916"]
[PlyCount "43"]
[EventDate "2016.07.02"]
[EventType "swiss"]
[EventRounds "9"]
[EventCountry "CZE"]

1. e4 e6 2. Nc3 c5 3. f4 Nc6 4. Bb5 Nge7 5. Nf3 g6 6. O-O Bg7 7. d3 d6 8. Qe1 f5 9. e5 d5 10. d4 cxd4 11. Nxd4 O-O 12. Be3 Nxd4 13. Bxd4 a6 14. Bd3 Bd7 15. Qf2 b5 16. Ne2 Nc6 17. Bb6 Qc8 18. c3 Qb7 19. Rac1 Rac8 20. Rfd1 g5 21. g3 g4 22. b3 1/2-1/2

[Event "24th Klatovy A 2016"]
[Site "Klatovy CZE"]
[Date "2016.07.05"]
[Round "4.32"]
[White "Kotal, Vaclav"]
[Black "Novy, Daniel"]
[Result "0-1"]
[WhiteElo "1886"]
[BlackElo "1987"]
[PlyCount "66"]
[EventDate "2016.07.02"]
[EventType "swiss"]
[EventRounds "9"]
[EventCountry "CZE"]

1. e4 c5 2. Nf3 e6 3. b3 d6 4. Bb2 Nf6 5. e5 dxe5 6. Nxe5 Bd6 7. f4 O-O 8. Na3 Nd5 9. g3 Nc6 10. Nxc6 bxc6 11. Bg2 Ba6 12. Nc4 Bxf4 13. Qg4 Bh6 14. O-O Rb8 15. Be5 Rc8 16. Rf2 f5 17. Qf3 Nf6 18. Nd6 Ng4 19. Nxc8 Nxe5 20. Qc3 Ng4 21. Nxa7 Nxf2 22. Nxc6 Qd6 23. Kxf2 f4 24. gxf4 Bxf4 25. Kg1 Bxh2+ 26. Kh1 Bb5 27. Qh3 Bf4 28. Na7 Bd7 29. a4 Rf6 30. Qd3 Rh6+ 31. Kg1 Bh2+ 32. Kf1 Rf6+ 33. Ke1 Qe5+ 0-1

[Event "24th Klatovy A 2016"]
[Site "Klatovy CZE"]
[Date "2016.07.05"]
[Round "4.33"]
[White "Skopec, Lubos"]
[Black "Ruzicka, Ondrej"]
[Result "1/2-1/2"]
[WhiteElo "1985"]
[BlackElo "1863"]
[PlyCount "119"]
[EventDate "2016.07.02"]
[EventType "swiss"]
[EventRounds "9"]
[EventCountry "CZE"]

1. e4 c5 2. c3 d5 3. exd5 Qxd5 4. d4 g6 5. Nf3 Bg7 6. Be2 cxd4 7. cxd4 Nf6 8. Nc3 Qa5 9. O-O O-O 10. Qb3 Nbd7 11. Bf4 Nb6 12. Rac1 Be6 13. Qb5 Qxb5 14. Nxb5 Nfd5 15. Bg3 Rfc8 16. a3 Bh6 17. Rc5 Nd7 18. Rxc8+ Rxc8 19. Nxa7 Rc2 20. Bd3 Rxb2 21. Rb1 Rxb1+ 22. Bxb1 Nc3 23. Bd3 Bc1 24. Nb5 Nxb5 25. Bxb5 Bxa3 26. d5 Bg4 27. Nd2 Nb6 28. f3 Bf5 29. Nc4 Bc5+ 30. Bf2 Bxf2+ 31. Kxf2 Nxd5 32. Na5 Nc3 33. Bc4 b5 34. Bb3 Kg7 35. Nc6 Kf6 36. Ke3 Bd7 37. Nb8 Be6 38. Bc2 Nd5+ 39. Kd4 b4 40. Nc6 Nf4 41. g3 Ne2+ 42. Ke3 b3 43. Bxb3 Bxb3 44. Kxe2 e5 45. Ke3 Ke6 46. f4 exf4+ 47. Kxf4 Ba2 48. Nd4+ Kf6 49. Nf3 h6 50. h4 Bd5 51. Nd4 g5+ 52. hxg5+ hxg5+ 53. Ke3 Ke5 54. Ne2 f5 55. Nc3 Bc6 56. Ne2 Bd7 57. Nc3 f4+ 58. gxf4+ gxf4+ 59. Kf2 Bc6 60. Ne2 1/2-1/2

[Event "24th Klatovy A 2016"]
[Site "Klatovy CZE"]
[Date "2016.07.05"]
[Round "4.34"]
[White "Hajek, Jiri2"]
[Black "Kostelecky, Daniel"]
[Result "1-0"]
[WhiteElo "1981"]
[BlackElo "1862"]
[PlyCount "77"]
[EventDate "2016.07.02"]
[EventType "swiss"]
[EventRounds "9"]
[EventCountry "CZE"]

1. e4 g6 2. d4 d6 3. Nf3 Bg7 4. Be2 Nd7 5. O-O e5 6. Nc3 Ne7 7. Be3 O-O 8. Qd2 exd4 9. Nxd4 Nc6 10. Bg5 Bf6 11. Bxf6 Qxf6 12. Ndb5 Rb8 13. Nxc7 Nd4 14. Rad1 Nxe2+ 15. Qxe2 Ne5 16. Rd2 Rd8 17. Rfd1 Bg4 18. f3 Bxf3 19. gxf3 Nxf3+ 20. Kg2 Nxd2 21. Rxd2 Rbc8 22. N7d5 Qg5+ 23. Kh1 f5 24. exf5 Re8 25. Ne4 Rxe4 26. Qxe4 Qxd2 27. Ne7+ Kg7 28. Nxc8 Qf2 29. h4 Qf1+ 30. Kh2 Qf2+ 31. Kh3 Qf1+ 32. Kg3 Qg1+ 33. Kf3 Qf1+ 34. Ke3 Qe1+ 35. Kd3 Qf1+ 36. Kc3 gxf5 37. Qe7+ Kg8 38. Qg5+ Kf8 39. Qf6+ 1-0

[Event "24th Klatovy A 2016"]
[Site "Klatovy CZE"]
[Date "2016.07.05"]
[Round "4.35"]
[White "Holy, Filip"]
[Black "Lhotsky, Zdenek"]
[Result "1/2-1/2"]
[WhiteElo "1977"]
[BlackElo "1853"]
[PlyCount "39"]
[EventDate "2016.07.02"]
[EventType "swiss"]
[EventRounds "9"]
[EventCountry "CZE"]

1. e4 c5 2. Nf3 d6 3. Bb5+ Bd7 4. Bxd7+ Nxd7 5. O-O Ngf6 6. Qe2 e6 7. Nc3 Be7 8. d3 O-O 9. Ng5 h6 10. Nh3 e5 11. f4 exf4 12. Nxf4 Ne5 13. Be3 Neg4 14. Bd2 Rc8 15. Rf3 Re8 16. Rg3 Ne5 17. Rf1 Bf8 18. Nfd5 Nxd5 19. Nxd5 Re6 20. Qh5 1/2-1/2

[Event "24th Klatovy A 2016"]
[Site "Klatovy CZE"]
[Date "2016.07.05"]
[Round "4.37"]
[White "Neuman Zakoucka, Adela 1987"]
[Black "Gumustas, Ilgaz"]
[Result "1-0"]
[WhiteElo "1969"]
[BlackElo "1797"]
[PlyCount "81"]
[EventDate "2016.07.02"]
[EventType "swiss"]
[EventRounds "9"]
[EventCountry "CZE"]

1. e4 d6 2. d4 Nf6 3. Nc3 g6 4. h3 Bg7 5. g4 h5 6. g5 Nfd7 7. Bg2 c6 8. Nge2 O-O 9. O-O Nb6 10. f4 e6 11. a4 a5 12. Ng3 c5 13. dxc5 dxc5 14. Qxd8 Rxd8 15. e5 Nc6 16. Nge4 Bf8 17. b3 Nb4 18. Nf6+ Kg7 19. Be4 Rb8 20. Nb5 Bd7 21. c3 N4d5 22. Bb2 c4 23. Nxd7 Rxd7 24. Ba3 Bxa3 25. Rxa3 cxb3 26. Rxb3 Ne3 27. Re1 Nec4 28. Nd4 Nxa4 29. Bc6 bxc6 30. Rxb8 c5 31. Nb3 Rd3 32. Nc1 Rxc3 33. Rd1 Rg3+ 34. Kh2 Rg2+ 35. Kxg2 Ne3+ 36. Kf3 Nxd1 37. Nb3 c4 38. Nd2 c3 39. Ne4 f6 40. gxf6+ Kh7 41. Ng5+ 1-0

[Event "24th Klatovy A 2016"]
[Site "Klatovy CZE"]
[Date "2016.07.05"]
[Round "4.38"]
[White "Richter, Martin1"]
[Black "Paldus, Jan"]
[Result "0-1"]
[WhiteElo "1966"]
[BlackElo "1753"]
[PlyCount "104"]
[EventDate "2016.07.02"]
[EventType "swiss"]
[EventRounds "9"]
[EventCountry "CZE"]

1. e4 d5 2. exd5 Qxd5 3. d4 Nf6 4. Nf3 Bg4 5. Be2 e6 6. c4 Bb4+ 7. Nc3 Bxc3+ 8. bxc3 Qa5 9. Qb3 Qb6 10. Qc2 Bf5 11. Bd3 Qa5 12. Bxf5 Qxf5 13. Qxf5 exf5 14. Ba3 Nbd7 15. O-O O-O-O 16. Ng5 Rde8 17. Nxf7 Rhg8 18. Rfe1 Rxe1+ 19. Rxe1 Ne4 20. Re3 Nb6 21. Ne5 Nd2 22. Bb4 Nbxc4 23. Nxc4 Nxc4 24. Re7 a5 25. Bxa5 Nxa5 26. Re5 Nc4 27. Rc5 Re8 28. g3 Nd6 29. Kg2 Re2 30. Kf3 Rxa2 31. Re5 Kd7 32. c4 g6 33. c5 Ne4 34. g4 Ng5+ 35. Kg3 Ra3+ 36. Kg2 Nf7 37. Re2 Rd3 38. gxf5 gxf5 39. Rb2 Rxd4 40. Rxb7 Rd5 41. Rb5 Kc6 42. Rb3 Kxc5 43. Rg3 f4 44. Rc3+ Kd6 45. Kf3 Rd4 46. Kg4 c5 47. Kf5 Ne5 48. Rh3 c4 49. Rh6+ Kd5 50. Re6 Nd3 51. Re8 c3 52. Rc8 Nc5 0-1

[Event "24th Klatovy A 2016"]
[Site "Klatovy CZE"]
[Date "2016.07.05"]
[Round "4.39"]
[White "Krauskopfova, Lenka 1996"]
[Black "Hlozek, David"]
[Result "1-0"]
[WhiteElo "1961"]
[BlackElo "1677"]
[PlyCount "120"]
[EventDate "2016.07.02"]
[EventType "swiss"]
[EventRounds "9"]
[EventCountry "CZE"]

1. c4 e5 2. Nc3 Nf6 3. g3 d5 4. cxd5 Nxd5 5. Bg2 Nb6 6. Nf3 Nc6 7. O-O Be7 8. d3 O-O 9. Be3 Re8 10. a3 Bf8 11. b4 a5 12. b5 Nd4 13. Re1 a4 14. Bxd4 exd4 15. Ne4 Ra5 16. Qb1 Bg4 17. Qb2 Bxf3 18. Bxf3 Qd7 19. Rab1 Re5 20. Nd2 Raxb5 21. Qa2 c6 22. Rxb5 Rxb5 23. Rb1 Qf5 24. Rc1 Qg5 25. Rc2 Qe7 26. Nc4 Nxc4 27. Rxc4 Ra5 28. Rb4 b5 29. Bxc6 Qc5 30. Be8 Qc1+ 31. Kg2 Qc7 32. Rxd4 Qe7 33. Re4 Qb7 34. f3 Ra7 35. Rf4 b4 36. axb4 Bxb4 37. Rxf7 Qxf7 38. Bxf7+ Rxf7 39. Qxa4 Bf8 40. e4 h6 41. d4 Rb7 42. Qa2+ Kh8 43. Qa8 Rb2+ 44. Kf1 Kg8 45. Qd5+ Kh8 46. e5 Rb1+ 47. Ke2 Rb2+ 48. Kd3 Rxh2 49. e6 Be7 50. Qd7 Bb4 51. e7 Rd2+ 52. Kc4 Bxe7 53. Qxe7 Rf2 54. Qf8+ Kh7 55. d5 Rc2+ 56. Kd3 Ra2 57. d6 Ra3+ 58. Ke4 h5 59. d7 h4 60. Qxa3 hxg3 1-0

[Event "24th Klatovy A 2016"]
[Site "Klatovy CZE"]
[Date "2016.07.05"]
[Round "4.40"]
[White "Lacina, Filip"]
[Black "Parizek, Vojtech"]
[Result "0-1"]
[WhiteElo "1981"]
[BlackElo "2104"]
[PlyCount "86"]
[EventDate "2016.07.02"]
[EventType "swiss"]
[EventRounds "9"]
[EventCountry "CZE"]

1. e4 c5 2. Nf3 Nc6 3. d4 cxd4 4. Nxd4 Nf6 5. Nc3 e5 6. Ndb5 d6 7. Bg5 a6 8. Bxf6 gxf6 9. Na3 b5 10. Nd5 f5 11. c3 Bg7 12. exf5 Bxf5 13. Nc2 O-O 14. Nce3 Be6 15. Bd3 f5 16. Bc2 Ne7 17. Nxe7+ Qxe7 18. Bxf5 Bxf5 19. Nxf5 Qf7 20. Qd5 Ra7 21. Ne3 Qxd5 22. Nxd5 Kf7 23. Ke2 Ke6 24. Rhd1 Raf7 25. f3 e4 26. f4 Rf5 27. Nc7+ Kd7 28. Nxa6 Rxf4 29. Rf1 d5 30. Nc5+ Kd6 31. Nb3 Rxf1 32. Rxf1 Rxf1 33. Kxf1 b4 34. Nd4 bxc3 35. bxc3 Be5 36. h3 Kc5 37. Ke2 Kc4 38. a4 Kxc3 39. Ne6 d4 40. Ng5 d3+ 41. Ke3 Bd4+ 42. Kf4 e3 43. Ne4+ Kc2 0-1

[Event "24th Klatovy A 2016"]
[Site "Klatovy CZE"]
[Date "2016.07.05"]
[Round "4.41"]
[White "Cecil, Pavel"]
[Black "Vevera, Radek"]
[Result "1-0"]
[WhiteElo "1929"]
[BlackElo "2000"]
[PlyCount "107"]
[EventDate "2016.07.02"]
[EventType "swiss"]
[EventRounds "9"]
[EventCountry "CZE"]

1. Nf3 Nf6 2. g3 g6 3. Bg2 Bg7 4. O-O O-O 5. d3 d5 6. c3 c5 7. Nbd2 Nc6 8. Nb3 Qd6 9. Bf4 e5 10. Nxe5 Nxe5 11. d4 cxd4 12. cxd4 Nf3+ 13. Bxf3 Qd8 14. Be5 Bh3 15. Re1 b6 16. e3 Qd7 17. Rc1 Rac8 18. Qe2 h5 19. Rxc8 Rxc8 20. Rc1 Rc6 21. Qd1 Ng4 22. Bxg7 Kxg7 23. Rxc6 Qxc6 24. Nc1 Nf6 25. Nd3 Qc4 26. a3 Bf5 27. Be2 Qc8 28. Qc1 Qd8 29. Qc6 h4 30. Ne5 hxg3 31. hxg3 Qc8 32. Qxc8 Bxc8 33. f3 Bb7 34. Bb5 Bc8 35. Kf2 g5 36. g4 Be6 37. b4 Bc8 38. Nc6 a6 39. Ne7 Bb7 40. Bc6 Bxc6 41. Nxc6 Nd7 42. e4 dxe4 43. fxe4 f6 44. Ke3 Kf7 45. e5 Ke6 46. Ke4 fxe5 47. dxe5 a5 48. Nd4+ Ke7 49. Kf5 axb4 50. axb4 b5 51. Nc6+ Ke8 52. Kxg5 Nf8 53. Kf5 Kf7 54. Nd4 1-0

[Event "24th Klatovy A 2016"]
[Site "Klatovy CZE"]
[Date "2016.07.05"]
[Round "4.42"]
[White "Hacaperka, Michal"]
[Black "Hlavac, Rudolf"]
[Result "0-1"]
[WhiteElo "1887"]
[BlackElo "1983"]
[PlyCount "54"]
[EventDate "2016.07.02"]
[EventType "swiss"]
[EventRounds "9"]
[EventCountry "CZE"]

1. e4 c5 2. Nc3 Nc6 3. f4 g6 4. Nf3 Bg7 5. Bb5 Nd4 6. O-O Nxb5 7. Nxb5 d5 8. e5 a6 9. Nc3 d4 10. Ne4 Qd5 11. d3 Nh6 12. Qe1 b6 13. h3 O-O 14. g4 f5 15. exf6 exf6 16. Ng3 Bd7 17. Qf2 Rae8 18. Bd2 Bc6 19. Ne1 f5 20. g5 Nf7 21. h4 h5 22. Nf3 Re6 23. a3 Rfe8 24. Kg2 c4 25. Kh3 Nd6 26. Rfe1 Qxf3 27. Qxf3 Bxf3 0-1

[Event "24th Klatovy A 2016"]
[Site "Klatovy CZE"]
[Date "2016.07.05"]
[Round "4.43"]
[White "Brock, Ditmar"]
[Black "Spicka, Jan"]
[Result "1/2-1/2"]
[WhiteElo "1931"]
[BlackElo "1833"]
[PlyCount "26"]
[EventDate "2016.07.02"]
[EventType "swiss"]
[EventRounds "9"]
[EventCountry "CZE"]

1. Nf3 Nf6 2. g3 g6 3. c4 d6 4. d4 Bg7 5. Bg2 O-O 6. O-O Bd7 7. Nc3 e5 8. dxe5 dxe5 9. Qc2 c6 10. b3 Qc7 11. Ba3 Re8 12. Rfd1 Qa5 13. Bc1 Qc7 1/2-1/2

[Event "24th Klatovy A 2016"]
[Site "Klatovy CZE"]
[Date "2016.07.05"]
[Round "4.44"]
[White "Lintner, Felix 1979"]
[Black "Novak, Jaromir"]
[Result "1-0"]
[WhiteElo "1826"]
[BlackElo "1904"]
[PlyCount "119"]
[EventDate "2016.07.02"]
[EventType "swiss"]
[EventRounds "9"]
[EventCountry "CZE"]

1. e4 e6 2. d4 d5 3. Nd2 dxe4 4. Nxe4 Be7 5. Nf3 Nf6 6. Ng3 Nbd7 7. Bd3 b6 8. O-O Bb7 9. Re1 O-O 10. Qe2 Re8 11. Bd2 c5 12. c3 Qc7 13. Ne5 Nxe5 14. dxe5 Nd7 15. Bf4 Nf8 16. Nf1 Red8 17. Nd2 Rd7 18. Nc4 Qc6 19. f3 Rad8 20. Nd6 Bxd6 21. Bb5 Qc7 22. exd6 Qb8 23. Bxd7 Rxd7 24. Red1 f6 25. Qd3 Qc8 26. c4 Qc6 27. a3 Ba6 28. Rac1 Bb7 29. b4 Kf7 30. bxc5 Qxc5+ 31. Be3 Qc6 32. c5 b5 33. Qc3 g5 34. Rd2 h5 35. Qb4 a6 36. Rb1 Qc8 37. a4 Bc6 38. axb5 Bxb5 39. Rc1 Qc6 40. Qa5 Ke8 41. Qb6 Rb7 42. Qxc6+ Bxc6 43. Ra2 Kd7 44. Rxa6 e5 45. Ra8 Ne6 46. Rh8 h4 47. Rh7+ Kc8 48. Rh8+ Nd8 49. Ra1 Rd7 50. Rf8 Rf7 51. Rg8 Rd7 52. Ra6 Bd5 53. Rh8 Kb7 54. Rb6+ Kc8 55. Rf8 Rf7 56. Rh8 Rd7 57. Bd2 Ba8 58. Bb4 Rb7 59. Rxb7 Bxb7 60. Ba5 1-0

[Event "24th Klatovy A 2016"]
[Site "Klatovy CZE"]
[Date "2016.07.05"]
[Round "4.45"]
[White "Palla, Rostislav"]
[Black "Mackova, Veronika"]
[Result "0-1"]
[WhiteElo "1736"]
[BlackElo "1902"]
[PlyCount "92"]
[EventDate "2016.07.02"]
[EventType "swiss"]
[EventRounds "9"]
[EventCountry "CZE"]

1. e4 e5 2. Nf3 Nc6 3. Bb5 a6 4. Ba4 Nge7 5. O-O g6 6. c3 Bg7 7. d4 exd4 8. cxd4 O-O 9. d5 b5 10. Bc2 Na5 11. Nc3 c5 12. a3 d6 13. Rb1 Nc4 14. Ne2 Bg4 15. Nd2 Nb6 16. h3 Bd7 17. Ng3 f5 18. f3 Bd4+ 19. Kh1 Qc8 20. Ne2 Bg7 21. g4 Kh8 22. Ng3 Be5 23. Kg2 f4 24. Ne2 h5 25. Rh1 Rf7 26. b3 Kg8 27. Ng1 Rh7 28. Bb2 Bxb2 29. Rxb2 hxg4 30. hxg4 Rxh1 31. Kxh1 Qf8 32. Kg2 Qg7 33. Rb1 Kf7 34. Ne2 g5 35. Qg1 a5 36. Qf2 b4 37. a4 Ng6 38. Bd3 Ne5 39. Bc2 Rb8 40. Nf1 Qh6 41. Kg1 Rh8 42. Qg2 Bxg4 43. fxg4 f3 44. Qh2 Qxh2+ 45. Nxh2 fxe2 46. Re1 Rxh2 0-1

[Event "24th Klatovy A 2016"]
[Site "Klatovy CZE"]
[Date "2016.07.06"]
[Round "5.1"]
[White "Jurek, Josef"]
[Black "Hollan, Petr"]
[Result "1/2-1/2"]
[WhiteElo "2296"]
[BlackElo "2263"]
[PlyCount "156"]
[EventDate "2016.07.02"]
[EventType "swiss"]
[EventRounds "9"]
[EventCountry "CZE"]

1. Nf3 Nf6 2. g3 d5 3. Bg2 c6 4. b3 Bg4 5. Bb2 Nbd7 6. O-O e6 7. d3 Qc7 8. Nbd2 Be7 9. c4 Rd8 10. Qc2 O-O 11. a3 dxc4 12. Nxc4 Bxf3 13. Bxf3 b5 14. Nd2 c5 15. Rac1 Rc8 16. Qb1 a5 17. Qa1 Nb6 18. Rc2 Qd7 19. Rfc1 a4 20. bxa4 Nxa4 21. Be5 Nb6 22. Qb2 Nbd5 23. Qb3 Rfd8 24. Rb1 b4 25. axb4 Nxb4 26. Rcc1 Nc6 27. Bxf6 Bxf6 28. Bxc6 Rxc6 29. Rc4 Be7 30. Qc2 e5 31. Ra4 Rh6 32. Qc4 Qh3 33. Nf1 Bf8 34. Qg4 Qxg4 35. Rxg4 Rd4 36. Ne3 Ra6 37. Rb8 Rxg4 38. Nxg4 f6 39. Rb7 Ra4 40. Ne3 e4 41. Rd7 exd3 42. exd3 Ra8 43. Kg2 Re8 44. Kf3 Re6 45. g4 Re5 46. Nc4 Re6 47. h4 Re8 48. h5 Re6 49. Ne3 Re5 50. Nd5 Re6 51. Kf4 Bd6+ 52. Kf3 Bf8 53. Ne3 Re5 54. Rd5 Re7 55. Nc4 Rc7 56. Kg2 Kf7 57. f4 g6 58. f5 Be7 59. hxg6+ hxg6 60. fxg6+ Kxg6 61. Kf3 Rb7 62. Na5 Rb1 63. Nc6 Bf8 64. Nd8 Rf1+ 65. Kg2 Re1 66. Kf2 Re8 67. Kf3 Re1 68. Nb7 Rc1 69. Na5 Rf1+ 70. Kg2 Rc1 71. Nc4 Re1 72. Kf2 Rh1 73. Ne3 Rc1 74. Kf3 Bh6 75. Nc4 Rf1+ 76. Kg2 Rd1 77. Kf2 Bf8 78. Ne3 Rc1 1/2-1/2

[Event "24th Klatovy A 2016"]
[Site "Klatovy CZE"]
[Date "2016.07.06"]
[Round "5.2"]
[White "Ratsma, Midas"]
[Black "Hurdzan, Tomas"]
[Result "1-0"]
[WhiteElo "2171"]
[BlackElo "2208"]
[PlyCount "79"]
[EventDate "2016.07.02"]
[EventType "swiss"]
[EventRounds "9"]
[EventCountry "CZE"]

1. d4 Nf6 2. Bg5 e6 3. e4 h6 4. Bxf6 Qxf6 5. c3 d6 6. Bd3 g6 7. Ne2 Bg7 8. O-O Qe7 9. f4 Nd7 10. f5 e5 11. fxg6 fxg6 12. Qb3 Nf6 13. Nd2 c6 14. Nc4 Qc7 15. Qb4 c5 16. Qb5+ Kf8 17. Ne3 Kg8 18. Nd5 Nxd5 19. exd5 Bd7 20. Qb3 Be8 21. dxe5 Bxe5 22. Nf4 Bxf4 23. Rxf4 Rh7 24. Qc2 Rf7 25. Rg4 g5 26. Bf5 Kg7 27. Re1 Rf6 28. h4 Rxf5 29. Qxf5 Bg6 30. Qf2 Rf8 31. Qd2 gxh4 32. Re6 Rf6 33. Qd3 Qf7 34. Qe3 Rxe6 35. dxe6 Qf5 36. Rf4 Qe5 37. Qxe5+ dxe5 38. Rf2 e4 39. e7 b6 40. Rf8 1-0

[Event "24th Klatovy A 2016"]
[Site "Klatovy CZE"]
[Date "2016.07.06"]
[Round "5.3"]
[White "Vorisek, Jaroslav"]
[Black "Neuman, Petr"]
[Result "0-1"]
[WhiteElo "2171"]
[BlackElo "2446"]
[PlyCount "150"]
[EventDate "2016.07.02"]
[EventType "swiss"]
[EventRounds "9"]
[EventCountry "CZE"]

1. d4 d6 2. Nf3 Bg4 3. e4 Nd7 4. h3 Bh5 5. Bd3 c6 6. a4 d5 7. exd5 cxd5 8. Bf4 e6 9. O-O Ngf6 10. Nbd2 Be7 11. c3 Bg6 12. Qc2 O-O 13. Bh2 a6 14. Ne1 Ne8 15. Ndf3 Bd6 16. Bxg6 hxg6 17. Nd3 Bxh2+ 18. Kxh2 Nd6 19. Nfe5 Nxe5 20. Nxe5 Qc7 21. Kg1 a5 22. Qe2 Rfe8 23. Ra3 Rab8 24. Rb3 Re7 25. Ra1 Qd8 26. Kf1 Qe8 27. Qd3 Kh7 28. Rb6 Nc8 29. Rb5 f6 30. Nf3 b6 31. Nd2 Nd6 32. Rb3 Rc7 33. h4 Kg8 34. Qg3 Rc6 35. Kg1 Kf7 36. Re1 Rd8 37. Qf4 Kg8 38. Qe3 Nf5 39. Qf4 Rcd6 40. Rb5 Qc6 41. Qg4 Kf7 42. Qf4 Kg8 43. Qg4 Kh7 44. Qf4 R6d7 45. Qg4 Re7 46. h5 g5 47. Ra1 Rb8 48. Qf3 Nd6 49. Qd3+ Kg8 50. Rb3 Qe8 51. g4 Qc6 52. f3 Nf7 53. Rb5 Rd8 54. Re1 Rb8 55. Ra1 Rbe8 56. Re1 Nd6 57. Rb3 Rb8 58. Ra1 f5 59. Qe3 Nf7 60. Rb5 Rbe8 61. Re1 e5 62. Qd3 e4 63. fxe4 fxe4 64. Qe3 Qe6 65. Qg3 Nh6 66. c4 dxc4 67. Rxg5 Qd7 68. d5 Nf7 69. Rf5 Nd6 70. Rf4 Qxa4 71. Rf8+ Rxf8 72. Qxd6 Rfe8 73. h6 Qc2 74. Nf1 e3 75. h7+ Kh8 0-1

[Event "24th Klatovy A 2016"]
[Site "Klatovy CZE"]
[Date "2016.07.06"]
[Round "5.4"]
[White "Turner, Jan"]
[Black "Taborsky, Rostislav"]
[Result "1/2-1/2"]
[WhiteElo "2387"]
[BlackElo "2180"]
[PlyCount "40"]
[EventDate "2016.07.02"]
[EventType "swiss"]
[EventRounds "9"]
[EventCountry "CZE"]

1. e4 c5 2. c3 e6 3. Nf3 d5 4. exd5 exd5 5. d4 Nc6 6. Be2 Bd6 7. O-O Nf6 8. dxc5 Bxc5 9. Bg5 O-O 10. Bxf6 Qxf6 11. Qxd5 Bb6 12. Qg5 Qxg5 13. Nxg5 Re8 14. Bb5 Re5 15. Bxc6 bxc6 16. Nf3 Re2 17. Nbd2 Bg4 18. Nc4 Be6 19. Nfe5 f6 20. Nxb6 axb6 1/2-1/2